[Event "SM-2021-0-00438"]
[Site "LSS email"]
[Date "2021.01.15"]
[Round "?"]
[White "Chmela, Zdenek"]
[Black "Boni, Roberto"]
[Result "1/2-1/2"]
[WhiteElo "2349"]
[BlackElo "2222"]
[PlyCount "56"]
[EventDate "2020.11.10"]
[EventType "tourn (corr)"]
[EventRounds "6"]
[EventCountry "GER"]
[SourceTitle "Corr 2024"]
[Source "ChessBase"]
[SourceDate "2023.10.19"]
[SourceVersion "1"]
[SourceVersionDate "2023.10.19"]
[SourceQuality "1"]

1. d4 d5 2. Nf3 Nf6 3. c4 c6 4. Nc3 e6 5. e3 Nbd7 6. Bd3 dxc4 7. Bxc4 b5 8. Bd3 Bb7 9. a3 Bd6 10. 0-0 0-0 11. Qc2 a5 12. e4 e5 13. dxe5 Nxe5 14. Nxe5 Bxe5 15. h3 Ba6 16. Rb1 b4 17. Bxa6 Rxa6 18. Ne2 c5 19. Rd1 Rd6 20. Be3 bxa3 21. Rxd6 Bxd6 22. bxa3 c4 23. a4 Qe7 24. Qxc4 Qxe4 25. Qxe4 Nxe4 26. Rc1 Bb4 27. f3 Nf6 28. Nf4 Rd8 1/2-1/2

[Event "SM-2021-0-00438"]
[Site "LSS email"]
[Date "2021.01.15"]
[Round "?"]
[White "Oliveira, Diogo"]
[Black "Chmela, Zdenek"]
[Result "1/2-1/2"]
[WhiteElo "2234"]
[BlackElo "2349"]
[PlyCount "74"]
[EventDate "2020.11.10"]
[EventType "tourn (corr)"]
[EventRounds "6"]
[EventCountry "GER"]
[SourceTitle "Corr 2024"]
[Source "ChessBase"]
[SourceDate "2023.10.19"]
[SourceVersion "1"]
[SourceVersionDate "2023.10.19"]
[SourceQuality "1"]

1. d4 d5 2. c4 e6 3. Nc3 Nf6 4. Nf3 Bb4 5. Bg5 dxc4 6. e4 c5 7. Bxc4 cxd4 8. Nxd4 Bxc3+ 9. bxc3 Qa5 10. Bb5+ Nbd7 11. Bxf6 Qxc3+ 12. Kf1 gxf6 13. h4 a6 14. Rh3 Qb4 15. Be2 Ne5 16. Rb1 Qd6 17. Rc3 0-0 18. h5 Rd8 19. Rg3+ Kf8 20. Qb3 Qc5 21. Nf3 b5 22. Nxe5 Qxe5 23. Qb4+ Qd6 24. Qc3 Qe5 25. Qa3+ Qd6 26. Rd1 Qxa3 27. Rxd8+ Ke7 28. Rxa3 Kxd8 29. Bxb5 h6 30. f3 a5 31. Kf2 f5 32. e5 Ke7 33. Rc3 Ba6 34. Rc7+ Kf8 35. Bxa6 Rxa6 36. a4 Rb6 37. Ra7 Rb2+ 1/2-1/2

[Event "SM-2020-0-00432"]
[Site "LSS email"]
[Date "2020.08.28"]
[Round "?"]
[White "Chmela, Zdenek"]
[Black "Aberbach Peltzman, Angel Sergio"]
[Result "1-0"]
[WhiteElo "2349"]
[BlackElo "2265"]
[PlyCount "105"]
[EventDate "2020.06.13"]
[EventType "tourn (corr)"]
[EventRounds "6"]
[EventCountry "GER"]
[SourceTitle "Corr 2022"]
[Source "ChessBase"]
[SourceDate "2021.10.24"]
[SourceVersion "1"]
[SourceVersionDate "2021.10.24"]
[SourceQuality "1"]

1. d4 Nf6 2. Nf3 g6 3. e3 Bg7 4. c4 c5 5. d5 0-0 6. Nc3 d6 7. Bd3 e6 8. h3 exd5 9. cxd5 Na6 10. 0-0 Re8 11. a4 Nb4 12. e4 Nh5 13. Bb1 b6 14. Bg5 Bf6 15. Be3 Bg7 16. Bg5 Bf6 17. Bd2 Bg7 18. Qc1 Nf6 19. Bh6 Bh8 20. Bg5 Qe7 21. Rd1 Bg7 22. Qf4 Nh5 23. Qc1 Nf6 24. a5 Ba6 25. e5 dxe5 26. Ne4 Red8 27. Nh2 h5 28. d6 Qe6 29. g4 h4 30. Ra3 Bb7 31. Bxf6 Bxf6 32. Rf3 Bxe4 33. Bxe4 Bg7 34. axb6 axb6 35. Bxa8 Rxa8 36. Ra3 Rf8 37. Nf3 e4 38. Ng5 Qe5 39. Qd2 Bf6 40. f4 Qxb2 41. Qxb2 Bxb2 42. Rb3 Nd3 43. Rxb6 Bd4+ 44. Kf1 Nxf4 45. Rc6 Rd8 46. Nxe4 Nxh3 47. Nxc5 Bxc5 48. Rxc5 Nf4 49. Kf2 Ne6 50. Ra5 Kf8 51. Kf3 h3 52. Kg3 f6 53. Kxh3 1-0

[Event "SM-2020-0-00432"]
[Site "LSS email"]
[Date "2020.08.27"]
[Round "?"]
[White "Chmela, Zdenek"]
[Black "Misericordia, Antonio"]
[Result "1/2-1/2"]
[WhiteElo "2349"]
[BlackElo "2333"]
[PlyCount "79"]
[EventDate "2020.06.13"]
[EventType "tourn (corr)"]
[EventRounds "6"]
[EventCountry "GER"]
[SourceTitle "Corr 2022"]
[Source "ChessBase"]
[SourceDate "2021.10.24"]
[SourceVersion "1"]
[SourceVersionDate "2021.10.24"]
[SourceQuality "1"]

1. d4 Nf6 2. Nf3 d5 3. c4 e6 4. e3 b6 5. b3 Bd6 6. Bd3 Bb7 7. 0-0 0-0 8. cxd5 exd5 9. Ba3 c5 10. Nc3 Nbd7 11. Rc1 Re8 12. Ne2 Qe7 13. Bb2 Red8 14. Ng3 g6 15. Qe2 a6 16. Rfd1 Re8 17. Bc3 Nf8 18. Ba1 N8d7 19. Nf1 Ng4 20. h3 Ngf6 21. N1h2 h5 22. Rb1 Bf4 23. Qb2 Bd6 24. Nf1 Qf8 25. a4 Rac8 26. N1d2 Rc7 27. Bf1 Rec8 28. dxc5 bxc5 29. Rbc1 Re8 30. a5 Rc6 31. Rc2 Rcc8 32. e4 d4 33. b4 Rb8 34. Qc1 Bxe4 35. Nxe4 Nxe4 36. bxc5 Ndxc5 37. Nxd4 Rbd8 38. Nc6 Nb3 39. Qb2 Nxa1 40. Qxa1 1/2-1/2

[Event "RM-2020-0-00192"]
[Site "LSS email"]
[Date "2020.01.11"]
[Round "?"]
[White "Chmela, Zdenek"]
[Black "Susla, Vitaliy"]
[Result "1-0"]
[WhiteElo "2324"]
[BlackElo "2326"]
[PlyCount "115"]
[EventDate "2019.10.14"]
[EventType "tourn (corr)"]
[EventRounds "6"]
[EventCountry "GER"]
[SourceTitle "Corr 2022"]
[Source "ChessBase"]
[SourceDate "2021.10.24"]
[SourceVersion "1"]
[SourceVersionDate "2021.10.24"]
[SourceQuality "1"]

1. d4 d5 2. Nf3 Nf6 3. c4 c6 4. e3 e6 5. Nbd2 c5 6. cxd5 Nxd5 7. e4 Nb6 8. dxc5 Bxc5 9. Be2 0-0 10. 0-0 Be7 11. Nb3 Qxd1 12. Rxd1 Bd7 13. Na5 Bc6 14. Nxc6 Nxc6 15. Be3 Bf6 16. Rab1 Rfd8 17. Rxd8+ Bxd8 18. Kf1 a5 19. Rd1 Bc7 20. Rc1 Nc8 21. Bb5 N8e7 22. a4 Rc8 23. Nd2 f5 24. Nb3 fxe4 25. Nc5 Be5 26. Nxb7 Bxb2 27. Rc4 Ba3 28. Rxe4 e5 29. Rc4 Bb4 30. Bc5 Rb8 31. Nd6 Rd8 32. Bxb4 Nxb4 33. Nb7 Rd1+ 34. Ke2 Rb1 35. Nxa5 Kf7 36. Rc5 Rb2+ 37. Kf3 Kf6 38. Rxe5 Rxf2+ 39. Kxf2 Kxe5 40. Kf3 Kd6 41. Nb3 Ned5 42. Nd4 Ne7 43. g4 Ke5 44. Nb3 Ned5 45. a5 Nc7 46. Bc4 h6 47. h4 g6 48. Be2 Ncd5 49. Kg3 Kd6 50. Bf3 Nf6 51. Bh1 Nd7 52. Be4 Nf8 53. Kf2 g5 54. h5 Nd7 55. Bg2 Ne5 56. Bf3 Nbc6 57. Be2 Nd7 58. a6 1-0

[Event "RM-2020-0-00192"]
[Site "LSS email"]
[Date "2020.01.11"]
[Round "?"]
[White "Chmela, Zdenek"]
[Black "Szabo, Vilmos"]
[Result "1/2-1/2"]
[WhiteElo "2324"]
[BlackElo "2412"]
[PlyCount "57"]
[EventDate "2019.10.14"]
[EventType "tourn (corr)"]
[EventRounds "6"]
[EventCountry "GER"]
[SourceTitle "Corr 2022"]
[Source "ChessBase"]
[SourceDate "2021.10.24"]
[SourceVersion "1"]
[SourceVersionDate "2021.10.24"]
[SourceQuality "1"]

1. d4 Nf6 2. Nf3 e6 3. c4 b6 4. g3 Ba6 5. b3 Bb4+ 6. Bd2 Be7 7. Bg2 c6 8. Bc3 0-0 9. 0-0 d5 10. Nbd2 Nbd7 11. Bb2 Bb7 12. Rc1 Rc8 13. e3 dxc4 14. Nxc4 c5 15. Qe2 Bd5 16. dxc5 Nxc5 17. Nd4 Bxg2 18. Kxg2 a6 19. Rfd1 Qc7 20. Kg1 b5 21. b4 bxc4 22. Rxc4 Qb7 23. bxc5 Bxc5 24. Nb3 Be7 25. Rdc1 Rxc4 26. Qxc4 h5 27. Bxf6 Bxf6 28. Qc6 Qb5 29. h4 1/2-1/2

[Event "CP-2019-S-00004"]
[Site "LSS email"]
[Date "2019.02.09"]
[Round "?"]
[White "Domanov, Dmitry"]
[Black "Chmela, Zdenek"]
[Result "1/2-1/2"]
[WhiteElo "2473"]
[BlackElo "2293"]
[PlyCount "58"]
[EventDate "2019.02.15"]
[EventType "tourn (corr)"]
[EventRounds "7"]
[EventCountry "GER"]
[SourceTitle "Corr 2022"]
[Source "ChessBase"]
[SourceDate "2021.10.24"]
[SourceVersion "1"]
[SourceVersionDate "2021.10.24"]
[SourceQuality "1"]

1. e4 e5 2. Nf3 Nc6 3. Bb5 a6 4. Ba4 Nf6 5. 0-0 Be7 6. Re1 b5 7. Bb3 d6 8. h3 Na5 9. d3 0-0 10. Nc3 Re8 11. Bd2 Nxb3 12. axb3 Bb7 13. Nh2 c5 14. Ne2 d5 15. Ng3 Bf8 16. c4 dxe4 17. dxe4 Qd3 18. Re3 Qd7 19. Qe2 h5 20. Nf3 b4 21. Rd3 Qc6 22. Re1 g6 23. Bg5 Nh7 24. Red1 Nxg5 25. Nxg5 Be7 26. h4 Red8 27. Rxd8+ Rxd8 28. Rxd8+ Bxd8 29. Qd3 Bf6 1/2-1/2

[Event "CP-2019-S-00004"]
[Site "LSS email"]
[Date "2019.02.09"]
[Round "?"]
[White "Oliveira, Marcio B"]
[Black "Chmela, Zdenek"]
[Result "0-1"]
[WhiteElo "2294"]
[BlackElo "2293"]
[PlyCount "62"]
[EventDate "2019.02.15"]
[EventType "tourn (corr)"]
[EventRounds "7"]
[EventCountry "GER"]
[SourceTitle "Corr 2022"]
[Source "ChessBase"]
[SourceDate "2021.10.24"]
[SourceVersion "1"]
[SourceVersionDate "2021.10.24"]
[SourceQuality "1"]

1. Nf3 Nf6 2. c4 e6 3. d4 d5 4. Nc3 c6 5. Bg5 h6 6. Bh4 dxc4 7. Bxf6 Qxf6 8. e3 b5 9. a4 Bb4 10. Ne5 Bb7 11. Be2 Qe7 12. 0-0 Bxc3 13. bxc3 Nd7 14. Nxd7 Qxd7 15. Qb1 a6 16. f4 Rb8 17. Qb4 Qe7 18. Qxe7+ Kxe7 19. h4 Rhc8 20. Rfd1 Kd7 21. Rab1 Kc7 22. Kf2 Rd8 23. g4 f6 24. Rg1 g5 25. Rb2 Rd7 26. Bf3 gxh4 27. Rh1 c5 28. Bxb7 Rxb7 29. dxc5 Rd3 30. axb5 axb5 31. Rc2 Ra7 0-1

[Event "CP-2018-P-00038"]
[Site "LSS email"]
[Date "2018.09.27"]
[Round "?"]
[White "Chmela, Zdenek"]
[Black "Kuhne, Detlev"]
[Result "1/2-1/2"]
[WhiteElo "2276"]
[BlackElo "2469"]
[PlyCount "46"]
[EventDate "2018.10.01"]
[EventType "tourn (corr)"]
[EventRounds "6"]
[EventCountry "GER"]
[SourceTitle "Corr 2022"]
[Source "ChessBase"]
[SourceDate "2021.10.24"]
[SourceVersion "1"]
[SourceVersionDate "2021.10.24"]
[SourceQuality "1"]

1. Nf3 d5 2. d4 Nf6 3. c4 e6 4. g3 dxc4 5. Bg2 a6 6. 0-0 Nc6 7. e3 Bd7 8. Qe2 b5 9. b3 cxb3 10. axb3 Be7 11. Nc3 0-0 12. Rd1 Nd5 13. Bd2 Qc8 14. Rdc1 Rd8 15. Nxd5 exd5 16. e4 Nb4 17. Ne5 Be8 18. exd5 Nxd5 19. Ba5 Ra7 20. Be4 Qe6 21. Re1 b4 22. Qf3 Nc3 23. Nc6 Bxc6 1/2-1/2

[Event "CP-2018-P-00038"]
[Site "LSS email"]
[Date "2018.09.27"]
[Round "?"]
[White "Chmela, Zdenek"]
[Black "Panov, Serg"]
[Result "1/2-1/2"]
[WhiteElo "2276"]
[BlackElo "2302"]
[PlyCount "99"]
[EventDate "2018.10.01"]
[EventType "tourn (corr)"]
[EventRounds "6"]
[EventCountry "GER"]
[SourceTitle "Corr 2022"]
[Source "ChessBase"]
[SourceDate "2021.10.24"]
[SourceVersion "1"]
[SourceVersionDate "2021.10.24"]
[SourceQuality "1"]

1. Nf3 Nf6 2. d4 g6 3. c4 Bg7 4. Nc3 0-0 5. e4 d6 6. h3 e5 7. d5 Nh5 8. g3 f5 9. exf5 gxf5 10. Nh4 Nf6 11. Bd3 e4 12. Be2 Nfd7 13. Ng2 Ne5 14. Be3 Na6 15. Nf4 Nc5 16. 0-0 a5 17. Kh2 b6 18. Nb5 Bd7 19. Nd4 Qe7 20. Qd2 Kh8 21. b3 Rg8 22. a3 Bf6 23. Rg1 a4 24. b4 Nb3 25. Nxb3 axb3 26. Nh5 Bg5 27. Bxg5 Qxg5 28. Qc3 Ba4 29. Rab1 Be8 30. Nf4 Rxa3 31. Rxb3 Rxb3 32. Qxb3 Qf6 33. Qa3 Ng6 34. Nh5 Qe5 35. Qa1 Bf7 36. b5 Rc8 37. h4 h6 38. Kg2 Kh7 39. Rf1 Rd8 40. Kg1 Rf8 41. Rc1 Rd8 42. Kf1 Rf8 43. Rb1 Rc8 44. Ke1 Rd8 45. Rc1 Rc8 46. Kf1 Rd8 47. Ke1 Rc8 48. Rb1 Rd8 49. Rd1 Rc8 50. Kd2 1/2-1/2

[Event "WC-2018-Q-00015"]
[Site "LSS email"]
[Date "2018.09.16"]
[Round "?"]
[White "Lovakovic, Franjo"]
[Black "Chmela, Zdenek"]
[Result "1/2-1/2"]
[WhiteElo "2406"]
[BlackElo "2276"]
[PlyCount "52"]
[EventDate "2018.09.22"]
[EventType "tourn (corr)"]
[EventRounds "12"]
[EventCountry "GER"]
[SourceTitle "Corr 2022"]
[Source "ChessBase"]
[SourceDate "2021.10.24"]
[SourceVersion "1"]
[SourceVersionDate "2021.10.24"]
[SourceQuality "1"]

1. e4 e6 2. d4 d5 3. Nd2 c5 4. Ngf3 Nf6 5. e5 Nfd7 6. c3 Nc6 7. Bd3 Qb6 8. 0-0 cxd4 9. cxd4 Nxd4 10. Nxd4 Qxd4 11. Nf3 Qb6 12. a3 Be7 13. Be3 Bc5 14. Bd2 0-0 15. Rc1 f5 16. Rc3 Qd8 17. Qc2 Be7 18. Rc1 Nb6 19. Nd4 Bd7 20. Qb3 Rf7 21. g3 Qb8 22. f4 Nc4 23. Bxc4 Bc5 24. Be3 Bxd4 25. Bxd4 dxc4 26. Rxc4 b6 1/2-1/2

[Event "CP-2018-S-00001"]
[Site "LSS email"]
[Date "2018.02.05"]
[Round "?"]
[White "Boehme, Sebastian"]
[Black "Chmela, Zdenek"]
[Result "1-0"]
[WhiteElo "2480"]
[BlackElo "2257"]
[PlyCount "113"]
[EventDate "2018.02.10"]
[EventType "tourn (corr)"]
[EventRounds "7"]
[EventCountry "GER"]
[SourceTitle "Corr 2022"]
[Source "ChessBase"]
[SourceDate "2021.10.24"]
[SourceVersion "1"]
[SourceVersionDate "2021.10.24"]
[SourceQuality "1"]

1. e4 e5 2. Nf3 Nc6 3. Bc4 Nf6 4. d3 Bc5 5. c3 d6 6. 0-0 a6 7. Re1 Ba7 8. a4 Ng4 9. Re2 0-0 10. h3 Nf6 11. Re1 b5 12. Bb3 h6 13. Nbd2 b4 14. a5 Bd7 15. Nf1 Rb8 16. Bc4 bxc3 17. bxc3 Qc8 18. d4 exd4 19. cxd4 Rb4 20. Ne3 Re8 21. Bd2 Rxc4 22. Nxc4 Nxe4 23. Bf4 Nf6 24. Qd2 Nd5 25. Bg3 Be6 26. Ne3 Rf8 27. Rac1 Qd7 28. Rc2 Rb8 29. Rec1 Ncb4 30. Rb2 Rb5 31. Ne1 Nxe3 32. fxe3 c5 33. Kh2 f5 34. dxc5 dxc5 35. Qxd7 Bxd7 36. Rd1 Bc6 37. Rd8+ Kh7 38. Rf8 Rb7 39. Rxf5 Bb5 40. Bd6 Rd7 41. Bxc5 g6 42. Bxa7 gxf5 43. Rxb4 Rxa7 44. Nf3 Re7 45. Rb3 Ba4 46. Rb6 Rxe3 47. Nd4 f4 48. Rxa6 Ra3 49. Rb6 Ra2 50. a6 Bc2 51. Nxc2 Rxc2 52. Kg1 Ra2 53. Kf1 h5 54. Rb7+ Kg6 55. Ra7 Ra3 56. Kf2 Kf6 57. Ra8 1-0

[Event "CP-2017-Q-00014"]
[Site "LSS email"]
[Date "2017.11.19"]
[Round "?"]
[White "Chmela, Zdenek"]
[Black "Corti, Horacio"]
[Result "1/2-1/2"]
[WhiteElo "2233"]
[BlackElo "2315"]
[PlyCount "175"]
[EventDate "2017.11.25"]
[EventType "tourn (corr)"]
[EventRounds "6"]
[EventCountry "GER"]
[SourceTitle "Corr 2022"]
[Source "ChessBase"]
[SourceDate "2021.10.24"]
[SourceVersion "1"]
[SourceVersionDate "2021.10.24"]
[SourceQuality "1"]

1. Nf3 Nf6 2. c4 e6 3. g3 d5 4. Bg2 Be7 5. 0-0 0-0 6. d4 dxc4 7. Ne5 c5 8. dxc5 Qc7 9. Nxc4 Rd8 10. Qb3 Qxc5 11. Be3 Qh5 12. h4 Nc6 13. Nc3 Ng4 14. Rad1 Nxe3 15. Nxe3 Nd4 16. Qa4 Bc5 17. Qc4 Bb6 18. Rd2 e5 19. Ned5 Be6 20. Rfd1 h6 21. Qa4 Bg4 22. Kh2 Bc5 23. Ne3 Bd7 24. Qc4 Rac8 25. Bxb7 Rc7 26. Qd5 Re8 27. Qh1 Kh8 28. Bg2 Rcc8 29. Bf3 Nxf3+ 30. Qxf3 Qxf3 31. exf3 Be6 32. Ne4 Bb4 33. Re2 Rc6 34. a3 Bf8 35. g4 Rb8 36. Rdd2 Rcb6 37. h5 a5 38. Kg2 Kh7 39. Rc2 a4 40. Red2 Kg8 41. Nc4 Rb5 42. Ne3 R5b6 43. Re2 Kh7 44. Rcd2 Bb3 45. Kg3 R6b7 46. Nc3 Rc8 47. Ne4 Rcb8 48. Kh3 Rb5 49. Nc3 R5b6 50. Kg3 Rc8 51. Kg2 Rb7 52. Ned1 Re7 53. Ne4 Ra7 54. Ndc3 Be6 55. Nd6 Rc5 56. Nce4 Rc6 57. Nb5 Ra8 58. Rc2 Rxc2 59. Rxc2 Rb8 60. Nbc3 Kg8 61. Rd2 Bb3 62. Rd7 Bc2 63. Rd2 Bb3 64. Kg3 Kh7 65. Rd3 Bc4 66. Rd2 Bb3 67. Rd7 Be6 68. Rc7 Rxb2 69. Nxa4 Rb3 70. Nac5 Bxc5 71. Nxc5 Rxa3 72. Nxe6 fxe6 73. Kg2 Kg8 74. Rc5 Kf7 75. Rxe5 Ra4 76. Kg3 Ra3 77. Kg2 Ra4 78. Kg3 Ra3 79. Re3 Ra5 80. f4 Kf6 81. Kh4 Rb5 82. Kg3 Ra5 83. f3 Rb5 84. Re4 Ra5 85. Re3 Rc5 86. Rb3 Ra5 87. Rb6 Kf7 88. Rb3 1/2-1/2

[Event "CP-2017-Q-00014"]
[Site "LSS email"]
[Date "2017.11.19"]
[Round "?"]
[White "Chmela, Zdenek"]
[Black "Larin, Igor"]
[Result "1-0"]
[WhiteElo "2233"]
[BlackElo "2253"]
[PlyCount "75"]
[EventDate "2017.11.25"]
[EventType "tourn (corr)"]
[EventRounds "6"]
[EventCountry "GER"]
[SourceTitle "Corr 2022"]
[Source "ChessBase"]
[SourceDate "2021.10.24"]
[SourceVersion "1"]
[SourceVersionDate "2021.10.24"]
[SourceQuality "1"]

1. Nf3 Nf6 2. c4 g6 3. Nc3 Bg7 4. e4 d6 5. d4 0-0 6. h3 e5 7. d5 Nh5 8. g3 f5 9. exf5 gxf5 10. Rg1 Na6 11. Nh4 Nf6 12. Bg5 h6 13. Be3 Nh7 14. Nf3 Qe7 15. Nh4 Qd8 16. Qh5 Bd7 17. 0-0-0 e4 18. Qe2 Ng5 19. Qc2 Nb4 20. Qd2 Rb8 21. c5 c6 22. cxd6 Kh7 23. g4 Qa5 24. Kb1 Bxc3 25. bxc3 Nxd5 26. gxf5 b5 27. Ka1 Qxc3+ 28. Qxc3 Nxc3 29. Re1 Rbe8 30. Rg3 Nd5 31. Bd4 Nf4 32. Ra3 a5 33. Rxa5 Ra8 34. Rxa8 Rxa8 35. Re3 Nd5 36. Rg3 c5 37. Bb2 c4 38. Kb1 1-0

[Event "CP-2017-Q-00014"]
[Site "LSS email"]
[Date "2017.11.19"]
[Round "?"]
[White "Chmela, Zdenek"]
[Black "Zielaz, Tadeusz"]
[Result "1-0"]
[WhiteElo "2233"]
[BlackElo "2073"]
[PlyCount "163"]
[EventDate "2017.11.25"]
[EventType "tourn (corr)"]
[EventRounds "6"]
[EventCountry "GER"]
[SourceTitle "Corr 2022"]
[Source "ChessBase"]
[SourceDate "2021.10.24"]
[SourceVersion "1"]
[SourceVersionDate "2021.10.24"]
[SourceQuality "1"]

1. Nf3 Nf6 2. c4 g6 3. Nc3 Bg7 4. e4 d6 5. Be2 0-0 6. d4 e5 7. 0-0 Nc6 8. d5 Ne7 9. Ne1 Nd7 10. f3 f5 11. Be3 b6 12. b4 a5 13. a3 fxe4 14. fxe4 Rxf1+ 15. Bxf1 Qf8 16. Nf3 Nf6 17. h3 axb4 18. axb4 Rxa1 19. Qxa1 Bh6 20. Ng5 c5 21. dxc6 Nxc6 22. c5 dxc5 23. Qa8 Nd4 24. Bc4+ Kg7 25. b5 Bxh3 26. Qa7+ Bd7 27. Na4 Qd6 28. Nxb6 Nxb5 29. Bxb5 Bxg5 30. Bxg5 Qd1+ 31. Bf1 Qd4+ 32. Kh2 Nxe4 33. Qxd7+ Qxd7 34. Nxd7 Nxg5 35. Nxe5 Ne4 36. Ba6 Kf6 37. Nd3 c4 38. Bxc4 Kf5 39. Bb3 Kg5 40. Kh3 Kf6 41. Bc2 Kg5 42. Ne1 Nd6 43. Nf3+ Kf6 44. Kg3 Nb5 45. Nd2 Nd4 46. Bb1 Ne2+ 47. Kg4 h5+ 48. Kh3 Nf4+ 49. Kg3 Ne2+ 50. Kf3 Nd4+ 51. Kf2 Ne6 52. Kg3 g5 53. Bh7 Kg7 54. Bc2 Nd4 55. Bd3 Kh6 56. Ne4 Ne6 57. Nf6 Nd4 58. Be4 Ne6 59. Kf2 Nd8 60. Ke3 Nf7 61. Bf5 Nd6 62. Bd3 h4 63. Kf3 Nf7 64. Ng4+ Kg7 65. Bb1 h3 66. gxh3 Nh6 67. Ne5 Nf7 68. Nd3 Nh6 69. Ne5 Nf7 70. Nc6 Nh6 71. Kg3 Kf6 72. Bc2 Kg7 73. Bb1 Kf6 74. Bd3 Kg7 75. Nb8 Kf6 76. Nd7+ Kg7 77. Ne5 Kf6 78. Ng4+ Kg7 79. Ne5 Kf6 80. Nf3 Nf7 81. Kg4 Kg7 82. Kf5 1-0

[Event "CP-2017-P-00016"]
[Site "LSS email"]
[Date "2017.09.27"]
[Round "?"]
[White "Chmela, Zdenek"]
[Black "Boukadoum, Mohamed"]
[Result "1-0"]
[WhiteElo "2224"]
[BlackElo "678"]
[PlyCount "31"]
[EventDate "2017.10.01"]
[EventType "tourn (corr)"]
[EventRounds "6"]
[EventCountry "GER"]
[SourceTitle "Corr 2022"]
[Source "ChessBase"]
[SourceDate "2021.10.24"]
[SourceVersion "1"]
[SourceVersionDate "2021.10.24"]
[SourceQuality "1"]

1. Nf3 c5 2. e4 Nc6 3. d4 g6 4. d5 Nb4 5. a3 Na6 6. d6 e6 7. Nc3 Bg7 8. e5 f6 9. h4 fxe5 10. h5 Nf6 11. h6 Bf8 12. Bg5 b6 13. Rh4 Bb7 14. Nxe5 Qb8 15. Bxf6 Rg8 16. Bb5 1-0

[Event "SA-2017-0-00596"]
[Site "LSS email"]
[Date "2017.09.04"]
[Round "?"]
[White "Kudr, Roman"]
[Black "Chmela, Zdenek"]
[Result "1/2-1/2"]
[WhiteElo "2250"]
[BlackElo "2202"]
[PlyCount "53"]
[EventDate "2017.08.10"]
[EventType "tourn (corr)"]
[EventRounds "6"]
[EventCountry "GER"]
[SourceTitle "Corr 2022"]
[Source "ChessBase"]
[SourceDate "2021.10.24"]
[SourceVersion "1"]
[SourceVersionDate "2021.10.24"]
[SourceQuality "1"]

1. e4 e5 2. Nf3 Nc6 3. Bb5 Nf6 4. d3 Bc5 5. c3 0-0 6. 0-0 d6 7. Nbd2 a6 8. Ba4 h6 9. h3 b5 10. Bb3 Bb7 11. Re1 Ne7 12. Nh4 Rb8 13. Nf1 Bb6 14. a4 Bc8 15. Ng3 c5 16. Nh5 Nh7 17. Qf3 Kh8 18. axb5 axb5 19. Kh1 Qe8 20. Be3 c4 21. Bxb6 Rxb6 22. Qe3 Rb7 23. dxc4 bxc4 24. Bxc4 f5 25. Be2 f4 26. Qd2 Ng6 27. Nf5 1/2-1/2

[Event "WC-2017-S-00006"]
[Site "LSS email"]
[Date "2017.05.17"]
[Round "?"]
[White "Bendig, Frank"]
[Black "Chmela, Zdenek"]
[Result "1/2-1/2"]
[WhiteElo "2190"]
[BlackElo "2187"]
[PlyCount "69"]
[EventDate "2017.06.01"]
[EventType "tourn (corr)"]
[EventRounds "12"]
[EventCountry "GER"]
[SourceTitle "Corr 2024"]
[Source "ChessBase"]
[SourceDate "2023.10.19"]
[SourceVersion "1"]
[SourceVersionDate "2023.10.19"]
[SourceQuality "1"]

1. g3 d5 2. Bg2 e5 3. Nf3 e4 4. Nd4 c5 5. Nb3 c4 6. Nd4 Bc5 7. c3 Nf6 8. d3 cxd3 9. exd3 Nc6 10. dxe4 dxe4 11. Be3 Bg4 12. Qa4 Bxd4 13. cxd4 0-0 14. Nc3 Re8 15. 0-0 a6 16. d5 b5 17. Qa3 Ne5 18. Nxe4 Nxe4 19. Bxe4 Qd7 20. Rfe1 Nc4 21. Qd3 Rxe4 22. Qxe4 Re8 23. Qg2 Ne5 24. f4 Nf3+ 25. Kf2 Qf5 26. Bd2 Nxe1 27. Rxe1 Rxe1 28. Bxe1 Qd3 29. Kg1 Qd4+ 30. Qf2 Qxd5 31. Qd2 Qc5+ 32. Bf2 Qc7 33. Bd4 f6 34. Bc3 Qc5+ 35. Qf2 1/2-1/2

[Event "WC-2017-S-00006"]
[Site "LSS email"]
[Date "2017.05.17"]
[Round "?"]
[White "Chmela, Zdenek"]
[Black "Sciarretta, Robert"]
[Result "1-0"]
[WhiteElo "2187"]
[BlackElo "2199"]
[PlyCount "141"]
[EventDate "2017.06.01"]
[EventType "tourn (corr)"]
[EventRounds "12"]
[EventCountry "GER"]
[SourceTitle "Corr 2024"]
[Source "ChessBase"]
[SourceDate "2023.10.19"]
[SourceVersion "1"]
[SourceVersionDate "2023.10.19"]
[SourceQuality "1"]

1. d4 Nf6 2. c4 e6 3. Nc3 Bb4 4. Qc2 0-0 5. a3 Bxc3+ 6. Qxc3 d5 7. cxd5 Ne4 8. Qc2 exd5 9. Bf4 Nc6 10. e3 Re8 11. Nf3 g5 12. Bg3 g4 13. Ne5 Nxe5 14. Bxe5 c5 15. Be2 Bf5 16. Qd1 f6 17. Bf4 Qa5+ 18. Kf1 Rac8 19. dxc5 Qxc5 20. h3 gxh3 21. g4 Be6 22. Rxh3 Qc2 23. f3 Nd2+ 24. Kg1 Qxb2 25. Qe1 Re7 26. Rd1 Nc4 27. Rh6 Rf7 28. a4 Qb3 29. Kf2 Nb2 30. Rd2 Rc2 31. a5 a6 32. Rh5 Qd3 33. Rxc2 Qxc2 34. Kg3 Nc4 35. Bxc4 dxc4 36. e4 Qb3 37. Qe3 Rg7 38. Bh6 Qxe3 39. Bxe3 Rc7 40. Rh6 c3 41. Rxf6 Bc4 42. Kf2 c2 43. Bc1 Bf7 44. Rd6 Be8 45. Ke3 Rc5 46. f4 Rxa5 47. e5 Kf7 48. Kd3 Rc5 49. Kd4 Ra5 50. Rh6 Ra4+ 51. Kc3 Kg8 52. Kxc2 Rc4+ 53. Kb2 a5 54. Bd2 a4 55. Rd6 Kf7 56. Rf6+ Ke7 57. Rh6 Bg6 58. f5 Rxg4 59. fxg6 hxg6 60. Rh8 Ke6 61. Re8+ Kd7 62. Rb8 Rg2 63. Kc1 Kc6 64. e6 Kd6 65. Re8 Rg4 66. Bh6 Rc4+ 67. Kd2 Re4 68. Bf8+ Kd5 69. e7 Ke6 70. Kd3 Re5 71. Rc8 1-0

[Event "WC-2017-S-00006"]
[Site "LSS email"]
[Date "2017.05.17"]
[Round "?"]
[White "Koch, Christian"]
[Black "Chmela, Zdenek"]
[Result "1/2-1/2"]
[WhiteElo "2225"]
[BlackElo "2187"]
[PlyCount "36"]
[EventDate "2017.06.01"]
[EventType "tourn (corr)"]
[EventRounds "12"]
[EventCountry "GER"]
[SourceTitle "Corr 2024"]
[Source "ChessBase"]
[SourceDate "2023.10.19"]
[SourceVersion "1"]
[SourceVersionDate "2023.10.19"]
[SourceQuality "1"]

1. e4 e5 2. Nf3 Nc6 3. Bb5 Nf6 4. 0-0 Nxe4 5. d4 Nd6 6. Bxc6 dxc6 7. dxe5 Nf5 8. Qxd8+ Kxd8 9. Nc3 Be7 10. Rd1+ Ke8 11. Bg5 Bxg5 12. Nxg5 h6 13. Nf3 Be6 14. a4 a5 15. Rd2 Rd8 16. Rad1 Rxd2 17. Rxd2 g6 18. h3 Ke7 1/2-1/2

[Event "WC-2017-S-00006"]
[Site "LSS email"]
[Date "2017.05.17"]
[Round "?"]
[White "Kopasov, Evgeny"]
[Black "Chmela, Zdenek"]
[Result "1/2-1/2"]
[WhiteElo "2190"]
[BlackElo "2187"]
[PlyCount "72"]
[EventDate "2017.06.01"]
[EventType "tourn (corr)"]
[EventRounds "12"]
[EventCountry "GER"]
[SourceTitle "Corr 2024"]
[Source "ChessBase"]
[SourceDate "2023.10.19"]
[SourceVersion "1"]
[SourceVersionDate "2023.10.19"]
[SourceQuality "1"]

1. d4 d5 2. c4 e6 3. Nc3 Nf6 4. Bg5 Be7 5. e3 0-0 6. Nf3 h6 7. Bh4 b6 8. Bd3 Bb7 9. 0-0 Nbd7 10. Bg3 c5 11. cxd5 exd5 12. Qc2 c4 13. Bf5 a6 14. a4 Bb4 15. Rab1 Re8 16. b3 Bxc3 17. Qxc3 Ne4 18. Bxe4 dxe4 19. Nd2 cxb3 20. Qxb3 Rc8 21. Rfc1 Qg5 22. h3 Qd5 23. Qa3 Kh7 24. Qb4 a5 25. Qd6 Qxd6 26. Bxd6 Rc6 27. Rxc6 Bxc6 28. Nc4 Re6 29. Bc7 Bxa4 30. Nxb6 Nxb6 31. Rxb6 Bc6 32. Ra6 a4 33. Kh2 g5 34. g4 f6 35. Kg3 Kg6 36. h4 Kf7 1/2-1/2